zpět

Detail výsledku týmu

Organza, Liberec

Datum a čas kvízu

27.5 Celkem bodů Celkový počet nahraných bodů na tomto kvízu bez doplňovacích otázek.
5. Pořadí na kvízu Konečné umístění týmu na tomto kvízu.

Zaznamenané odpovědi

# Otázka Odpověď Body Výsledky
1. Automobilka BMW zahájila minul... autonomní řízení (bez řidiče) 1
2. V pondělí odstartoval tři roky... Worldcoin 0
3. Která rocková hvězda z Velké B... Mick Jagger 1
4. Ve čtvrtek se v newyorské síni... Voyager (1 a 2) 0
5. Minulý týden se konal největší... Czech Tour (Sazka Tour), Chris Froome 0
6. Předmětem tohoto tématu budou... 1C 2A 3B 4D 0
7. Český politik, který se dostal... Adam Vojtěch a Vojtěch Adam 0
8. Nejúspěšnější český pilot bitv... B 0
9. Adam Ondra, coby jeden z nejle... D 1
10. Fakt, že se autor literární př... George Raymond Richard 0.5